1169 1468 1744 1117 1619 1671 1600 1144 1747 1838 1187 1635 1718 1146 1823 1611 1198 1358 1963 1312 1405 1438 1288 1562 1172 1071 1302 1350 1761 1404 1324 1576 1094 1464 1409 1638 1760 1820 1659 1083 1782 1191 1862 1104 1038 1205 1524 1885 1715 1675 1125 1939 1389 1935 1140 1881 1173 1005 1614 1656 1620 1015 1644 1763 1249 1482 1750 1261 1179 1187 1213 1242 1139 1420 1358 1406 1939 1122 1321 1941 1322 1946 1844 1211 1402 1344 1466 1001 1835 1359 1499 1171 1186 1018 1177 1078 1382 1571 1230 BCNSPRNW ULIB Ver.6.0+V

เปลี่ยนเป็นภาษาไทย

Change to English
 แสดงรายละเอียดบรรณานุกรม
  กลับหน้าหลัก

Brief Record : Get Marc (ISO 2709) : E-mail record : QR code < ปิดหน้าต่าง
LEADER : 00000nam 2200000uu 4500
001    13399111930
003     ULIB
008    110712s2551||||th 000 0 tha d
020    9789746433709(ล.2)
060  4 WY100^bส719ม ล.2 2551
110 1  มหาวิทยาลัยสุโขทัยธรรมาธิราช^bสาขาวิชาพยาบาลศาสตร์
245 00 เอกสารการสอนชุดวิชา มโนมติและกระบวนการพยาบาล หน่วยที่7-15=^bNursing concept and process /^cบรรณาธิการ วาริณี เอี่ยมสวัสดิกุล
246 0  Nursing concept and process
250    พิมพ์ครั้งที่ 11
260    นนทบุรี:^bศูนย์หนังสือมหาวิทยาลัยสุโขทัยธรรมาธิราช,^c2551
300    406 หน้า
650  7 การพยาบาล
650  7 การพยาบาลส่งเสริมสุขภาพ
650  7 การพยาบาลครอบครัว
650  7 การพยาบาลชุมชน
650  7 การพยาบาลบุคคล
650  7 การวินิจฉัยทางการพยาบาล
945    ^p0^l0^i18388
945    ^p0^l0^i18389
945    ^p0^l0^i18390
995    กัณชพร
999    ^aใช้งานได้ทุกระบบ
รายการนี้ยังไม่มีแท็ก
คุณยังไม่ได้ล็อกอิน คุณสามารถมีกิจกรรมร่วมกับเว็บไซต์ได้ แต่ต้องล็อกอินก่อน ::
  ล็อกอิน

รายการสื่อสารสนเทศ

ลำดับที่ ประเภท เลขเรียก/บาร์โค้ด สถานที่ สถานะ
1. วิทยาศาสตร์การแพทย์ และสุขภาพ
วิทยาศาสตร์การแพทย์ และสุขภาพ
WY100 ส719ม ล.2 2551  
  Barcode: 18388
ห้องสมุดวิทยาเขตสวรรค์ประชารักษ์
►ส่วนจัดเก็บหนังสือเก่า สปร
บนชั้น
  ขอยืม
2. วิทยาศาสตร์การแพทย์ และสุขภาพ
วิทยาศาสตร์การแพทย์ และสุขภาพ
WY100 ส719ม ล.2 2551 ฉ.2 
  Barcode: 18389
ห้องสมุดวิทยาเขตสวรรค์ประชารักษ์
►ส่วนจัดเก็บหนังสือเก่า สปร
บนชั้น
  ขอยืม
3. วิทยาศาสตร์การแพทย์ และสุขภาพ
วิทยาศาสตร์การแพทย์ และสุขภาพ
WY100 ส719ม ล.2 2551 ฉ.3 
  Barcode: 18390
ห้องสมุดวิทยาเขตสวรรค์ประชารักษ์
►ส่วนจัดเก็บหนังสือเก่า สปร
บนชั้น
  ขอยืม

รายการใกล้เคียง
    หัวเรื่อง [การพยาบาล]
    หัวเรื่อง [การพยาบาลส่งเสริมสุขภาพ]
    หัวเรื่อง [การพยาบาลครอบครัว]
    หัวเรื่อง [การพยาบาลชุมชน]
    หัวเรื่อง [การพยาบาลบุคคล]
    หัวเรื่อง [การวินิจฉัยทางการพยาบาล]

BibComment


ยังไม่เคยถูกคอมเมนท์

คอมเมนท์ทรัพยากรรายการนี้
  คอมเมนท์: เอกสารการสอนชุดวิ..


 Copyright 2026. Bcnsprnw @Library